000 01003nam a2200397 a 4500
003 AR-BaBNM
005 20251128210631.0
008 082120s2002 ||||||||||||||000 | spa||
040 _cAR-BaBNM
100 1 _aDel Saz, Agustín
245 0 0 _aResumen de literatura española
250 _a3ª ed.
260 _aBarcelona
_bSayma, Ediciones y Publicaciones
_c1963
300 _a249 p.
490 0 _aPanoramas A-Z. La universidad en su mano
_vv. 22
650 4 _aROMANTICISMO
650 4 _aREALISMO
650 4 _aHISTORIA LITERARIA
650 4 _aLITERATURA ESPAÑOLA
650 4 _aCRITICA LITERARIA
650 4 _aEDAD MEDIA
650 4 _aRENACIMIENTO
650 4 _aLITERATURA POPULAR
650 4 _aARTE RELIGIOSO
650 4 _aMISTICISMO
650 4 _aTEATRO
653 _aEPICA
653 _aBARROCO
653 _aSIGLO DE ORO
653 _aNEOCLASICISMO
653 _aMODERNISMO
653 _aNATURALISMO
655 _aLITERATURA
942 _cBK
998 _cMARTIN
999 _c16276
_d16276